| 000 | 00646cam a2200217 4500500 | ||
|---|---|---|---|
| 005 | 20260405002824.0 | ||
| 041 | _afre | ||
| 042 | _adc | ||
| 100 | 1 | 0 |
_aLacroix, Alexandre _eauthor |
| 245 | 0 | 0 | _aÉlites, encore un effort pour être libérales ! |
| 260 | _c2018. | ||
| 500 | _a62 | ||
| 690 | _aAlexandre Lacroix | ||
| 690 | _aÉlites | ||
| 690 | _aLibéralisme | ||
| 690 | _aMérite | ||
| 690 | _aPeuple | ||
| 690 | _aSaint-Simon | ||
| 786 | 0 | _nPhilosophie magazine | 124 | 11 | 2018-11-01 | p. 26-26 | 1951-1787 | |
| 856 | 4 | 1 | _uhttps://shs.cairn.info/magazine-philosophie-magazine-2018-11-page-26?lang=fr&redirect-ssocas=7080 |
| 999 |
_c2061469 _d2061469 |
||